000 00716nam a2200169Ia 4500
008 090711s9999 xx 000 0 und d
082 _b88
100 _aढवळे विनायक ना.
245 _aसाहित्याSो नवीन भाषा तत्वज्ञान
260 _bकॉन्टीनेन्टल प्रकाशन
_c1997
300 _a173
600 _aढवळे विनायक ना.
630 _aसाहित्याSो नवीन भाषा तत्वज्ञान
700 _aढवळे विनायक ना.
730 _aसाहित्याSो नवीन भाषा तत्वज्ञान
942 _cBOOK
999 _c323550
_d323550